Death Trap - Sudden Death - Statistics

General Stats
  • This quiz has been taken 19,052 times
  • The average score is 2 of 6
Answers on the Grid
Answers color-coded by a green-red scale on the quiz's grid according to % correct below.
?
?
?
?
?
?
?
?
?
 
Answer Stats
Answer % Correct
?
39%
?
39%
?
38%
?
37%
?
37%
?
36%
No matching quizzes found
Score Distribution
Percent of People with Each Score
Percentile by Number Answered
Your Score History
You have not taken this quiz